000 01147nam a22003137a 4500
003 CHAP
005 20220329143149.0
008 060912d2005 mx r 00110 spa d
010 _a92727
011 _a93699
035 _a104279
040 _cCHAP
090 _aFolleto 17152
110 0 _aConsejo Nacional de Educación para la Vida y el Trabajo. México
_927317
245 1 0 _aInnovación para la educación y capacitación :
_bla enseñanza de matemáticas, ciencia y tecnología
_c/por Consejo Nacional de Educación para la Vida y el Trabajo
260 _aMéxico, D. F. :
_bConsejo Nacional de Educación para la Vida y el Trabajo,
_c2005.
300 _a14 p.
590 _aBATCH-UPD
_b10
_c20130110
_lUCH01
_h1801
590 _aBATCH-UPD
_b10
_c20130410
_lUCH01
_h1137
590 _aBATCH-UPD
_b10
_c20130914
_lUCH01
_h0839
590 _aCONVERSION
_b10
_c20130109
_lUCH01
_h1351
650 1 4 _aCapacitación.
_918690
650 1 4 _aEducación
_xInnovaciones tecnológicas.
_935456
650 1 4 _aEnseñanza.
_937085
901 _aBK
905 _aLilia
942 _cFOLL
949 _aFolleto 17152
_bBC
_cFOLL
_d00000001042791
_eTS1
_i104279
_sb
999 _c92727
_d92727